| 000 | 00514nam a22001817a 4500 | ||
|---|---|---|---|
| 005 | 20240508124450.0 | ||
| 008 | 240508b |||||||| |||| 00| 0 eng d | ||
| 020 | _a81-7029-382-0 | ||
| 082 |
_a005.13 _bGRI-F |
||
| 100 | _aGriver;Alan.Yair | ||
| 245 |
_aFoxPRO 2.6/ _bCodebook/ _cYair Alan Griver |
||
| 250 | _a1st ed. | ||
| 260 |
_aNew Delhi; _bBPB Publications; _c1994 |
||
| 300 |
_axxvi, 748 p.: _bill; _c21 cm. |
||
| 500 | _aInclude Appendix. | ||
| 650 | _aComputer Science/Computer Programming | ||
| 999 |
_c35725 _d35725 |
||